[Retrato de Bernini] (Record no. 85846)

MARC details
000 -LEADER
campo de control de longitud fija 01247nkm a22002297a 4500
001 - NÚMERO DE CONTROL
campo de control 85846
005 - FECHA Y HORA DE LA ÚLTIMA TRANSACCIÓN
campo de control 20260429134957.0
007 - CAMPO FIJO DE DESCRIPCIÓN FÍSICA--INFORMACIÓN GENERAL
campo de control de longitud fija kh bo
008 - DATOS DE LONGITUD FIJA--INFORMACIÓN GENERAL
campo de control de longitud fija 260429s1925 sp ||||| |||| |0| i|spa d
040 ## - FUENTE DE CATALOGACIÓN
Centro catalogador/agencia de origen M-RABA
Lengua de catalogación spa
Centro/agencia transcriptor M-RABA
100 1# - ENTRADA PRINCIPAL--NOMBRE DE PERSONA
Nombre de persona Moreno, Vicente (
Fechas asociadas al nombre 1895-1954)
9 (RLIN) 29028
245 11 - MENCIÓN DEL TÍTULO
Título [Retrato de Bernini]
Medio [Material gráfico]
260 ## - PUBLICACIÓN, DISTRIBUCIÓN, ETC.
Lugar de publicación, distribución, etc. : Madrid
Nombre del editor, distribuidor, etc. : Fotografía de Arte Moreno
Fecha de publicación, distribución, etc. [ca.1925]
300 ## - DESCRIPCIÓN FÍSICA
Extensión 1 fotografía
Otras características físicas : reproducción fotomecánica
Dimensiones , imagen 22,5 x 16,5 cm
500 00 - NOTA GENERAL
Nota general Fotografía que representa un retrato de Bernini, de autor desconocido.
500 00 - NOTA GENERAL
Nota general Fotografía de Arte Moreno, padre (Mariano Moreno) e hijo (Vicente Moreno) se encuentran ubicados en el estudio de la Plaza de las Cortes, 8 en Madrid. Suponemos que se trata de Vicente ya que a la muerte de su padre en 1925 se especializa en fotografías de obras de arte.
500 00 - NOTA GENERAL
Nota general Autoría tomada del sello a tinta en el verso: "Fotografía de Arte Moreno. Plaza de las Cortes, 8. Madrid".
655 #7 - TERMINO DE INDIZACIÓN--GENERO/FORMA
Datos o término principal de género/forma Fotografías de obras de arte
9 (RLIN) 75675
852 ## - LOCALIZACIÓN
Número de control de estantería Fot-814
856 ## - LOCALIZACIÓN Y ACCESO ELECTRÓNICOS
Identificador Uniforme de Recurso <a href="https://archivoybiblioteca.realacademiabellasartessanfernando.com/cgi-bin/koha/opac-retrieve-file.pl?id=f99a022f4a15dd8b7b1c120b2ffced1d">https://archivoybiblioteca.realacademiabellasartessanfernando.com/cgi-bin/koha/opac-retrieve-file.pl?id=f99a022f4a15dd8b7b1c120b2ffced1d</a>
Texto de enlace Fot-814
942 ## - ELEMENTOS DE ENTRADA SECUNDARIOS (KOHA)
Tipo de ítem Koha Fotografías
Suprimir en OPAC No
Holdings
Estatus retirado Estado de pérdida Fuente de la clasificación o esquema de estantería Estado de daño No para préstamo Colección Biblioteca de origen Biblioteca actual Ubicación en estantería Fecha de adquisición Total de préstamos Signatura topográfica completa Código de barras Visto por última vez Precio de reemplazo Tipo de ítem Koha
    Clasificación Decimal Dewey     Fotografía Real Academia de la Bellas Artes de San Fernando Real Academia de la Bellas Artes de San Fernando Depósito 2 29/04/2026   Fot-814 1097144 29/04/2026 29/04/2026 Fotografías

Powered by Koha